Handbook of statistics / (Record no. 164577)

MARC details
000 -LEADER
fixed length control field 00552nam a2200193 4500
005 - DATE AND TIME OF LATEST TRANSACTION
control field 20190523104936.0
010 ## - LCCN (DPL NO)
LC control number ENG-125273
020 ## - INTERNATIONAL STANDARD BOOK NUMBER
International Standard Book Number 9788186772430
Terms of availability 1495.00
035 ## - SYSTEM CONTROL NUMBER
System control number EN-108805
037 ## - SOURCE OF ACQUISITION
Source of stock number/acquisition DBAD/PUB
082 ## - DEWEY DECIMAL CLASSIFICATION NUMBER
Classification number 310
100 ## - MAIN ENTRY--PERSONAL NAME
Personal name Singh, V S
245 ## - TITLE STATEMENT
Title Handbook of statistics /
Statement of responsibility, etc by V S Singh
260 ## - PUBLICATION, DISTRIBUTION, ETC. (IMPRINT)
Place of publication, distribution, etc New Delhi
Name of publisher, distributor, etc New Academic Publishers
Date of publication, distribution, etc 2011
270 ## - ADDRESS
Address 4760-61, 23, Ansari Road
City Daryaganj, Delhi
Postal code 110002
300 ## - PHYSICAL DESCRIPTION
Extent 310p.
Dimensions 22cm(Hb)
500 ## - GENERAL NOTE
General note Includes references
942 ## - ADDED ENTRY ELEMENTS (KOHA)
Source of classification or shelving scheme Dewey Decimal Classification
Item type English Books
Classification part 310
Call number suffix SIN
Holdings
Withdrawn status Lost status Not for loan Collection code Home library Current library Date acquired Source of acquisition Cost, normal purchase price Full call number Barcode Copy number Cost, replacement price Koha item type
    Not For Loan Non-fiction D.B.Act.Division Central Library 23/05/2019 DBAD/PUB 1495.00 310 SIN EN-108805 1 1495.00 English Books

© Delhi Public Library
Hit Counter
free hit counter